000 00510nam a2200145Ia 4500
008 151213s9999 xx 000 0 und d
100 _aএম এ মালেক।
245 _aইসলামের পঞ্ছ স্তম্ভ
_cএম এ মালেক।
260 _aঢাকা
_bসিদ্দিকিয়া পাবলিকেশ¯œ
_c2008
300 _a10966 p.
650 _aBangla
650 _aইসলামী বই
700 _aএম এ মালেক।
999 _c4938
_d4938